00305nam a2200109Ia 4500008004100000041000800041082002000049100002600069245004000095260004000135300002000175241028s9999 xx 000 0 und d aeng a658.1511076 WAR aWarren/ Jones/ Tayler aFinancial And Managerial Accounting bCengage Learning IndiaaDehlic2020 a1442;. P. 27 cm